| 000 | 00963nam a2200205Ii 4500 | ||
|---|---|---|---|
| 003 | JO-AjNU | ||
| 008 | 230605s9999||||xx |||||||||||||| ||und|| | ||
| 017 | _a2004/7/1717 | ||
| 040 |
_aJO-AjNU _bara _erda _cJO-AjNU |
||
| 041 | _aara | ||
| 050 | 1 | 4 | _aLB2331.65.J6.M82 2004 |
| 100 | 3 |
_aالزرقاء:جامعة الزرقاء الأهلية, _eauthor _948480 |
|
| 245 | 0 | 0 | _aالأبحاث المشارك فيها بمؤتمر كلية الإقتصاد والعلوم الإدارية الثاني (ضمان الجودة وأثره في أداء كليات الإقتصاد) 25-27/شعبان/1424هـ - 21-23 /10/ 2003م |
| 264 | 3 | 1 | _aالزرقاء:جاعة الزرقاء الأهلية،2004 |
| 300 | _a191ص | ||
| 336 |
_atext _btxt _2rdacontent |
||
| 337 |
_aunmediated _bn _2rdamedia |
||
| 338 |
_avolume _bnc _2rdacarrier |
||
| 650 | 4 |
_aجودة التربية-التقييم-المردود التربوي-التعليم العالي-جامعات _948481 |
|
| 999 |
_aA21234 _c24802 _d24802 |
||